Knowledge representation in the social semantic web/ (Record no. 1362995)

MARC details
000 -LEADER
fixed length control field 01230nam a2200361 a 4500
001 - CONTROL NUMBER
control field vtls001938281
003 - CONTROL NUMBER IDENTIFIER
control field NLI
005 - DATE AND TIME OF LATEST TRANSACTION
control field 20210630051319.0
008 - FIXED-LENGTH DATA ELEMENTS--GENERAL INFORMATION
fixed length control field 170309s2010 gw da e 001 0 eng d
020 ## - INTERNATIONAL STANDARD BOOK NUMBER
International Standard Book Number 9783598251801
Terms of availability € 69.95
039 #9 - LEVEL OF BIBLIOGRAPHIC CONTROL AND CODING DETAIL [OBSOLETE]
Level of rules in bibliographic description 201705081207
Level of effort used to assign nonsubject heading access points krishanuc
Level of effort used to assign subject headings 201703091339
Level of effort used to assign classification prasenjits
-- 201703091336
-- prasenjits
040 ## - CATALOGING SOURCE
Original cataloging agency NLI
Language of cataloging eng
041 0# - LANGUAGE CODE
Language code of text/sound track or separate title eng
044 ## - COUNTRY OF PUBLISHING/PRODUCING ENTITY CODE
MARC country code gw
082 04 - DEWEY DECIMAL CLASSIFICATION NUMBER
Classification number 025.0427
Edition number 23
100 1# - MAIN ENTRY--PERSONAL NAME
Personal name Weller, Katrin
9 (RLIN) 1159240
245 10 - TITLE STATEMENT
Title Knowledge representation in the social semantic web/
Statement of responsibility, etc. Katrin Weller
260 ## - PUBLICATION, DISTRIBUTION, ETC.
Place of publication, distribution, etc. Berlin :
Name of publisher, distributor, etc. De Gruyter Saur,
Date of publication, distribution, etc. c2010
300 ## - PHYSICAL DESCRIPTION
Extent vii, 442 p. :
Other physical details ill. ;
Dimensions 24 cm.
440 #0 - SERIES STATEMENT/ADDED ENTRY--TITLE
Title Knowledge & information
9 (RLIN) 1296672
504 ## - BIBLIOGRAPHY, ETC. NOTE
Bibliography, etc. note Includes bibliographical references and index
650 #0 - SUBJECT ADDED ENTRY--TOPICAL TERM
Topical term or geographic name entry element Semantic web
650 #0 - SUBJECT ADDED ENTRY--TOPICAL TERM
Topical term or geographic name entry element Knowledge representation (Information theory)
9 (RLIN) 676056
887 ## - NON-MARC INFORMATION FIELD
Content of non-MARC field prasenjit krishanu
901 ## - LOCAL DATA ELEMENT A, LDA (RLIN)
a 574757 :
b 23.09.2016
902 ## - LOCAL DATA ELEMENT B, LDB (RLIN)
a E 025.0427 W 458
904 ## - LOCAL DATA ELEMENT D, LDD (RLIN)
a prasenjit
905 ## - LOCAL DATA ELEMENT E, LDE (RLIN)
a krishanu
949 ## - LOCAL PROCESSING INFORMATION (OCLC)
-- VIRTUAITEM
-- 10000
-- 100
6 PUR000574757ENG
942 ## - ADDED ENTRY ELEMENTS (KOHA)
Source of classification or shelving scheme Dewey Decimal Classification
Koha item type Books
Holdings
Withdrawn status Lost status Damaged status Not for loan Collection code Home library Current library Shelving location Date acquired Total Checkouts Full call number Barcode Date last seen Price effective from Koha item type
        New English National Library of India National Library of India New English - Main Stack Division     E 025.0427 W 458 PUR000574757ENG 30/06/2021 30/06/2021 Books
                                                                           
web counter

Copyright ©2020 The National Library of India, Govt. of India ↔ Hosted by NVLI, MOC ↔ Technology and Design by National Library of India, Ministry of Culture, Govt. of India